Masarykove pedagogické názory a ciele

Bibliographic Details
Main Author: Koloušek, Břetislav, 1884-1967 (Author)
Format: Book
Language:Slovak
Czech
PhysicalDescription:164 strán 22 cm
Published: V Bratislave EOS [1938]
Subjects:

MARC

LEADER 00000cam a2200000 a 4500
001 vtls008379413
003 SK-MaSNL
005 20260311151810.0
008 250313s1938 xo g hn 001 0bslo
015 |a SNBA19191938-005235 
020 |q (brožované) 
035 |a SK01SNKBSKHR20020071630 
035 |a urn:nbn:sk:snk-am3i9cc 
035 |a 68B8CCAC-421F-4B23-99EB-2D18B7735A78 
035 |a urn:nbn:sk:snk-am00dyaj 
035 |a SKM000074093 
040 |a SNK  |b slo  |c SNK  |e AACR2 
041 0 |a slo  |a cze 
043 |a e-cs--- 
044 |a xo  |c SK 
072 7 |a 37  |x Výchova a vzdelávanie  |2 konspekt 
072 7 |a 929  |x Biografie  |2 konspekt 
080 |a 37.01  |2 2011 
080 |a 32-051  |2 2011 
080 |a 321.7+342.34  |2 2011 
080 |a 316.64  |2 2011 
080 |a (437)  |2 2011 
080 |a (092)  |2 2011 
100 1 |a Koloušek, Břetislav,  |d 1884-1967  |4 aut  |9 192030 
245 1 0 |a Masarykove pedagogické názory a ciele  |c Bř. Koloušek 
260 |a V Bratislave  |b EOS  |c [1938] 
300 |a 164 strán  |c 22 cm 
500 |a Obsahuje biografické údaje T.G. Masaryka 
500 |a Dátum vydania prevzatý z tiráže 
504 |a Menný a vecný register na strane 153-161, bibliografia na strane 162-164 
546 |a Súbežný text v češtine 
600 1 7 |a Masaryk, Tomáš Garrigue,  |d 1850-1937  |2 SNKMA  |9 98178 
650 0 7 |a pedagogika  |2 SNKPH  |9 955 
650 0 7 |a demokracia  |2 SNKPH  |9 3564 
650 0 7 |a názory a postoje  |2 SNKPH  |9 4303 
650 0 7 |a prezidenti  |2 SNKPH  |9 4128 
651 7 |a Československo  |2 SNKPHgeo  |9 21376 
655 7 |a biografie  |2 SNKPH  |9 27965 
752 |a Slovensko  |d Bratislava 
852 |a Slovenská národná knižnica 
954 |a odborná, vedecká literatúra pôvodná (slovenská)  |2 lita 
958 |a RK 
958 |a TL 
958 |a OND 
958 |a NB 
958 |a BX 
999 |c 1211549  |d 1213479 
952 |a SNK  |b SNK  |y PREZ  |7 0  |p 17A0592197  |o snkSC 6719  |i snk5623/55  |0 0  |1 0  |4 0  |d 2008-11-26  |f 1  |l 0  |r 2025-07-04 00:00:00  |w 2026-02-24 
952 |a SNK  |b SNK  |y VYP  |7 0  |p 17A0454769  |o snkSC 6719 D1  |i snkD 2998/60  |8 1  |0 0  |1 0  |4 0  |d 2008-11-26  |l 0  |r 2026-02-24 23:15:07  |w 2026-02-24 
952 |a SNK  |b SNK  |y VYP  |7 0  |p 17A0597490  |o snkSC 6719 D2  |i snkD 3601/61  |8 1  |0 0  |1 0  |4 0  |d 2008-11-26  |l 0  |r 2026-02-24 23:15:07  |w 2026-02-24